000 00774nam a2200241 4500
001 sa 68018171
003 DLC
005 20260227112709.0
008 710805s1968 ii c b 001 0aeng
010 _asa 68018171
025 _aPL480:I-E-10973
040 _aDLC
_cDLC
_dDLC
050 0 0 _aDS479.1.G6
_bA25 1968
100 1 _aGokhale, Gopal Krishna,
_d1866-1915.
245 1 4 _aThe select Gokhale.
_cCompiled and edited by R. P. Patwardhan.
260 _aNew Delhi,
_bMaharashtra Information Centre
_c[1968]
300 _axxiii, 432 p.
_bport.
_c22 cm.
350 _a4.30
500 _aSequel to Gopal Krishna Gokhale, a centenary tribute.
504 _aBibliographical footnotes.
600 1 0 _aGokhale, Gopal Krishna,
_d1866-1915.
700 1 _aPatwardhan, R. P.,
_eed.
999 _c88217
_d88217